Simulation Video Games - Statistics

General Stats
  • This quiz has been taken 4 times
  • The average score is 5 of 15
Answer Stats
Hint Answer % Correct
rollercoaster but old Rollercoaster Tycoon
100%
factory Satisfactory
50%
zoo but old Zoo Tycoon 2
50%
city Cities Skylines
25%
city 2 Cities Skylines 2
25%
truck Euro Truck Driver
25%
dinosaur zoo Jurassic World Evolution
25%
dinosaur zoo 2 Jurassic World Evolution 2
25%
airplane Microsoft Flight Simulator
25%
rollercoaster Planet Coaster
25%
zoo Planet Zoo
25%
dinosaur zoo but not british Prehistoric Kingdom
25%
prison Prison Architect
25%
battle Totally Accurate Battle Simulator
25%
hospital Two Point Hospital
25%
No matching quizzes found
Score Distribution
Percent of People with Each Score
Percentile by Number Answered
Your Score History
You have not taken this quiz